| 000 | 01228nam a22003017i 4500 | ||
|---|---|---|---|
| 003 | EG-ScBUE | ||
| 005 | 20220901101734.0 | ||
| 008 | 220731s1995 ua a f b 001 0 ara d | ||
| 017 | _a95 / 8467 | ||
| 020 | _a9772151642 | ||
| 040 |
_aEG-ScBUE _bara _erda _cEG-ScBUE _dEG-ScBUE |
||
| 082 | 0 | 4 |
_222 _a020 _bق ا س |
| 100 | 1 |
_aقاسم، حشمت، _d1943-2017، _eمؤلف. |
|
| 245 | 1 | 0 |
_aدراسات فى علم المعلومات / _cالدكتور حشمت قاسم، أستاذ علم المعلومات، كلية الآداب - جامعة القاهرة. |
| 250 | _aالطبعة الثانية. | ||
| 264 | 1 |
_aالقاهرة : _bدار غريب للطباعة والنشر والتوزيع، _c1995. |
|
| 300 |
_a491 صفحة : _bجداول ؛ _c24 سم |
||
| 336 |
_2rdacontent _aنص _btxt |
||
| 337 |
_2rdamedia _aبدون وسيط _bn |
||
| 338 |
_2rdacarrier _aمجلد _bnc |
||
| 504 | _aيشتمل على إرجاعات ببليوجرافية وكشافات. | ||
| 541 |
_cإهداء ؛ _aد. طارق محرم. |
||
| 650 | 7 |
_aالمعلومات، علم. _2BUEsh |
|
| 650 | 7 |
_aنظم المعلومات. _2BUEsh |
|
| 653 |
_bGGEN _cSeptember2022 |
||
| 655 |
_vReading book _934232 |
||
| 942 | _2ddc | ||
| 999 |
_c29922 _d29893 |
||